Isla de las manos reunidas /
Saved in:
| Main Author: | |
|---|---|
| Format: | Book |
| Language: | Spanish |
| Published: |
México, D.F. :
Editorial Aldus,
1997.
|
| Edition: | 1. ed. |
| Series: | Colección Aldus. Poetas.
|
| Tags: |
Add Tag
No Tags, Be the first to tag this record!
|
| LEADER | 00661nam a2200241 a 4500 | ||
|---|---|---|---|
| 001 | 007737193-3 | ||
| 005 | 20020606104010.5 | ||
| 008 | 980316s1997 mx a 000 0 spa | ||
| 010 | |a 98126341 | ||
| 020 | |a 9687870001 | ||
| 035 | 0 | |a ocm38890980 | |
| 040 | |a DLC |c DLC | ||
| 050 | 0 | 0 | |a PQ7298.15.S636 |b I85 1997 |
| 082 | 0 | 0 | |a 861 |2 21 |
| 100 | 1 | |a Esquinca, Jorge. | |
| 245 | 1 | 0 | |a Isla de las manos reunidas / |c Jorge Esquinca. |
| 250 | |a 1. ed. | ||
| 260 | |a México, D.F. : |b Editorial Aldus, |c 1997. | ||
| 300 | |a 80 p. : |b 1 col. ill. ; |c 22 cm. | ||
| 490 | 1 | |a Colección Aldus. Los poetas | |
| 830 | 0 | |a Colección Aldus. |p Poetas. | |
| 988 | |a 20020608 | ||
| 906 | |0 DLC | ||


